000 00552nam a2200205Ia 4500
003 BUBTL
008 151213s9999 xx 000 0 und d
020 _a81-272-1358-6
082 _a338.1LEA
100 _aLekhi,R.K.
_91714
245 _aAgricultural Economics :
_cR.K.Lekhi, Joginder Singh
260 _aNew Delhi :
_bV.K. Printers,
_cc2007.
300 _a605 p. :
_c22 cm.
650 _aEconomics
650 _aEconomics
700 _aSingh,Joginder
_91715
856 _k0
_l0
_yDownload
942 _2ddc
_cBK
999 _c4786
_d4786